Gaming Quiz

Random Gaming or Video Games Quiz

Call of Duty 3 The Forest Quotes Quiz Stats

 Plays Quiz not verified by Sporcle

Support Sporcle.
Go Orange.
Score 0/58 Timer 10:00
0 Plays Today
Quote Character % Correct
Take two men and flank our advance. We’re headed up that way.Mike Dixon
40%
Look sharp. Kraut O.P. over that ridge.Mike Dixon
40%
Almost at the storage debot!Mike Dixon
40%
I didn’t want the promotion. Not this way, anyhow.Mike Dixon
36%
What happened, Krupin?Mike Dixon
36%
Nichols. Plant charges.Mike Dixon
36%
We gotta get across this road.Mike Dixon
36%
Smoke grenades!Mike Dixon
36%
Across the road! Towards those trenches!Mike Dixon
36%
Take out that mortar!Mike Dixon
36%
Use the smoke as cover to get across the road!Mike Dixon
36%
We take out that barricade, we’re sitting pretty.Mike Dixon
36%
Alright Guzzo, radio Command. Area’s clear.Mike Dixon
36%
Guzzo, Nichols, you’re with me.Mike Dixon
32%
Depot to the north!Mike Dixon
32%
Nichols, blow the ammo crates.Mike Dixon
32%
Storage depot should be up ahead!Mike Dixon
32%
Move up to cover!Mike Dixon
32%
Pop some smoke!Mike Dixon
32%
Smoke! Smoke! Keep popping smoke!Mike Dixon
32%
Take out that mortar over there!Mike Dixon
32%
Got a perfectly good mortar here not bein’ put to use.Mike Dixon
32%
I’m getting real tired of that mouth of yours, Guzzo. The Sarge may’ve put up with it, but I won’t. You reading me?Mike Dixon
32%
Let’s keep it “Dix”, okay?Mike Dixon
28%
And a piss-poor job they did of it, too. The forest is still lousy with mines and barricades. 2nd Batallion can’t move in ‘til it’s clear.Mike Dixon
28%
Damn right. But the boys Batallion sent in haven’t been heard from in two days.Mike Dixon
28%
Creep up.Mike Dixon
28%
Nice and quiet.Mike Dixon
28%
Medic!Mike Dixon
28%
Quote Character % Correct
We’ll take care of it. Huxley, take two guys and scout on ahead.Mike Dixon
28%
We need to find the other depot!Mike Dixon
28%
Move up to the storage depot!Mike Dixon
28%
No, find the other depot!Mike Dixon
28%
Nichols! We need more charges here.Mike Dixon
28%
Almost in position, boys.Mike Dixon
28%
Good job private!Mike Dixon
24%
You had that one comin’ Guzzo.Leroy Huxley
24%
Copy that, Dix. I mean Sarge.Leroy Huxley
20%
You got it Sarge.Leroy Huxley
20%
Wouldn’t that be more of a job for the engineers?Leroy Huxley
20%
Dix! We got a live one here!Leroy Huxley
20%
Dix! We got a live one here!Leroy Huxley
20%
It’s Private Krupin. He’s one of them engineers that went missing.Leroy Huxley
20%
The depot’s probably off the main road, thatway...Leroy Huxley
20%
Right.Leroy Huxley
20%
You’re gonna be alright, soldier.Leroy Huxley
20%
Rest of the forest’s clear, too, Dix.Leroy Huxley
20%
Jerry. We found a whole bunch of them in - - ungh - - like a storage depot. The Frenchies must’ve missed ‘em.Private Krupin
16%
I thought the French’d already cleared this area.Salvadore Guzzo
12%
Check it out. Friendlies.Salvadore Guzzo
12%
Big surprise there.Salvadore Guzzo
12%
Damn Germans took out my whole squad!Private Krupin
12%
Keep popping smoke for cover!Salvadore Guzzo
12%
How the hell we supposed to do that?Salvadore Guzzo
12%
Nice work, Nichols!Salvadore Guzzo
12%
Barricade’s clear!Salvadore Guzzo
12%
Is this the same Command who told us the area was already clear?Salvadore Guzzo
12%
Yeah. I got you. Sarge.Salvadore Guzzo
12%

You're not logged in!

Compare scores with friends on all Sporcle quizzes.
OR
Log In

From the Vault

Greek Mythology Alpha-to-Omega

by THEJMAN

This quiz really runs the gamut of Greek myths.
Remove Ads.
Support Sporcle.
Get the best of Sporcle when you Go Orange. This ad-free experience offers more features, more stats, and more fun while also helping to support Sporcle. Thank you for becoming a member.

Show Comments

Extras

Top Quizzes Today


Score Distribution

Your Account Isn't Verified!

In order to create a playlist on Sporcle, you need to verify the email address you used during registration. Go to your Sporcle Settings to finish the process.

Report this User

Report this user for behavior that violates our Community Guidelines.

Details: